| 000 | 00521nam a22001937a 4500 | ||
|---|---|---|---|
| 003 | CEME | ||
| 005 | 20210628203211.0 | ||
| 008 | 210122b xxu||||| |||| 00| 0 eng d | ||
| 020 | _a0-07-299159-3 | ||
| 040 | _c. | ||
| 082 | _a658.15 ROS | ||
| 100 |
_aRoss, Stephen A, Westerfield, Randolph W, Jordan, Bradford D _963934 |
||
| 245 | _aFundamentals of corporate finance | ||
| 250 | _a7TH | ||
| 260 |
_aNEW YORK _bMCGRAW HILL _c2006 |
||
| 300 | _aXLIV,892 P | ||
| 650 |
_aCORPORATE FINANCE _963935 |
||
| 942 |
_cBK _2ddc |
||
| 999 |
_c572616 _d572616 |
||